Mein skizzenbuch, (Record no. 1901)

MARC details
000 -LEADER
fixed length control field 00677cam a22002291 4500
001 - CONTROL NUMBER
control field af 47002824
003 - CONTROL NUMBER IDENTIFIER
control field DLC
005 - DATE AND TIME OF LATEST TRANSACTION
control field 20260227110816.0
008 - FIXED-LENGTH DATA ELEMENTS--GENERAL INFORMATION
fixed length control field 750331s1941 xx 000 0 ger
010 ## - LIBRARY OF CONGRESS CONTROL NUMBER
LC control number af 47002824
035 ## - SYSTEM CONTROL NUMBER
System control number (OCoLC)1244771
040 ## - CATALOGING SOURCE
Original cataloging agency DLC
Transcribing agency OCU
Modifying agency DLC
042 ## - AUTHENTICATION CODE
Authentication code premarc
050 00 - LIBRARY OF CONGRESS CALL NUMBER
Classification number D743.2
Item number .E37
100 1# - MAIN ENTRY--PERSONAL NAME
Personal name Eigener, Ernst.
245 00 - TITLE STATEMENT
Title Mein skizzenbuch,
Statement of responsibility, etc. mit einem vorwort von Helmut Jahn.
260 ## - PUBLICATION, DISTRIBUTION, ETC.
Place of publication, distribution, etc. Berlin,
Name of publisher, distributor, etc. Propyläen-verlag
Date of publication, distribution, etc. [1941]
300 ## - PHYSICAL DESCRIPTION
Extent [4] p.
Other physical details plates (part double, part col.)
Dimensions 19 cm.
490 0# - SERIES STATEMENT
Series statement Die Kleine W. I.-reihe
650 #0 - SUBJECT ADDED ENTRY--TOPICAL TERM
Topical term or geographic name entry element World War, 1939-1945
Form subdivision Pictorial works.
650 #0 - SUBJECT ADDED ENTRY--TOPICAL TERM
Topical term or geographic name entry element World War, 1939-1945
Geographic subdivision Germany.

No items available.

Powered by Koha